| 000 | 01172nam a2200301 a 4500 | ||
|---|---|---|---|
| 001 | ebr10667433 | ||
| 003 | CaPaEBR | ||
| 006 | m u | ||
| 007 | cr cn||||||||| | ||
| 008 | 130312s2013 njua sb 001 0 eng d | ||
| 020 | _z9781118337523 | ||
| 020 | _z9781118523889 (e-book) | ||
| 040 |
_aCaPaEBR _cCaPaEBR |
||
| 035 | _a(OCoLC)828929747 | ||
| 050 | 1 | 4 |
_aQD262 _b.H6 2013eb |
| 082 | 0 | 4 |
_a547.2 _222 |
| 100 | 1 | _aHo, Tse-Lok. | |
| 245 | 1 | 0 |
_aFiesers' reagents for organic synthesis _h[electronic resource] . _nVolume 27 / _cTse-Lok Ho. |
| 260 |
_aHoboken, N.J. : _bWiley, _c2013. |
||
| 300 |
_axv, 646 p. : _bill. |
||
| 490 | 0 |
_aFiesers' reagents for organic synthesis, _x0271-616X |
|
| 504 | _aIncludes bibliographical references and index. | ||
| 533 |
_aElectronic reproduction. _bPalo Alto, Calif. : _cebrary, _d2013. _nAvailable via World Wide Web. _nAccess may be limited to ebrary affiliated libraries. |
||
| 650 | 0 |
_aOrganic compounds _xSynthesis. |
|
| 655 | 7 |
_aElectronic books. _2local |
|
| 710 | 2 | _aebrary, Inc. | |
| 856 | 4 | 0 |
_uhttp://site.ebrary.com/lib/rucke/Doc?id=10667433 _zAn electronic book accessible through the World Wide Web; click to view |
| 999 |
_c61369 _d61369 |
||